Skip to main content
Your cart is empty.
Your lists
Log in to create your own lists
Your cookies
العربية
English
العربية
Home
Search
Advanced search
Authority search
About
The noble scholar, jurist, historian
His Excellency Dr. Abdul Wahhab bin Ibrahim Abu Sulaiman, may Allah have mercy on him.
He was born in Umm Al-Qura in the year 1356 AH.
Library catalog
Title
Author
Subject
ISBN
ISSN
Series
Call number
Log in to your account
×
Login:
Password:
Home
MARC view: كتاب النفائس العلوية في المسائل الصوفية /
Normal view
MARC view
ISBD view
كتاب النفائس العلوية في المسائل الصوفية / (Record no. 14216)
[
view plain
]
MARC details
000 -LEADER
fixed length control field
02028cam a2200313 i 4500
003 - CONTROL NUMBER IDENTIFIER
control field
SA-RiAUC
005 - DATE AND TIME OF LATEST TRANSACTION
control field
20260201132040.0
008 - FIXED-LENGTH DATA ELEMENTS--GENERAL INFORMATION
fixed length control field
260201s1993 xx g 000 0 ara c
024 0# - OTHER STANDARD IDENTIFIER
Standard number or code
00000000735861
040 ## - CATALOGING SOURCE
Original cataloging agency
SA-JeALM
Language of cataloging
ara
Transcribing agency
SA-RiAUC
Modifying agency
AE-DuMBRL
Description conventions
rda
050 #4 - LIBRARY OF CONGRESS CALL NUMBER
Item number
.S53 1993
082 04 - DEWEY DECIMAL CLASSIFICATION NUMBER
Classification number
260
Assigning agency
SA-RiAUC
090 ## - LOCALLY ASSIGNED LC-TYPE CALL NUMBER (OCLC); LOCAL CALL NUMBER (RLIN)
Classification number (OCLC) (R) ; Classification number, CALL (RLIN) (NR)
260
Local cutter number (OCLC) ; Book number/undivided call number, CALL (RLIN)
ع ب د ل
100 1# - MAIN ENTRY--PERSONAL NAME
Personal name
عبد الله الحداد، عبد الله بن علوي بن محمد
Relator term
مؤلف.
245 10 - TITLE STATEMENT
Title
كتاب النفائس العلوية في المسائل الصوفية /
Statement of responsibility, etc.
للإمام شيخ الإسلام قطب الدعوة والإرشاد الحبيب عبد الله العلوي الحداد الحضرمي الشافعي رحمة الله تعالى.
246 30 - VARYING FORM OF TITLE
Title proper/short title
النفائس العلوية في المسائل الصوفية
250 ## - EDITION STATEMENT
Edition statement
الطبعة الأولى.
264 #1 - PRODUCTION, PUBLICATION, DISTRIBUTION, MANUFACTURE, AND COPYRIGHT NOTICE
Place of production, publication, distribution, manufacture
[مكان النشر غير محدد] :
Name of producer, publisher, distributor, manufacturer
دار الحاوي للطباعة والنشر والتوزيع :
--
الناشر للطباعة والنشر والتوزيع والإعلان،
Date of production, publication, distribution, manufacture, or copyright notice
1993.
300 ## - PHYSICAL DESCRIPTION
Extent
222 صفحة ؛
Dimensions
20 سم.
336 ## - CONTENT TYPE
Content type term
نص
Content type code
txt
Source
rdacontent
Materials specified
كتاب
337 ## - MEDIA TYPE
Media type term
بدون وسيط
Media type code
n
Source
rdamedia
490 0# - SERIES STATEMENT
Series statement
كتب الإمام الحداد ؛
Volume/sequential designation
9
520 ## - SUMMARY, ETC.
Summary, etc.
يحتوى هذا الكتاب على مجموع فتاويه من خلال أسئلة طرحت عليه وبلغت عدد الأسئلة 163 سؤال نذكر منها عن حكم الخواطر في حق الواصل وعن حكم من يخالط أهل المعاصي وعن إخفاء العبادة أو إظهارها وعن وقت أذكار الصباح والمساء متى يدخل وعن حكم من يعمل رجاء الثواب وعن طاعة الوالدين وغير ذلك.
650 #7 - SUBJECT ADDED ENTRY--TOPICAL TERM
Topical term or geographic name entry element
التصوف الإسلامي
Source of heading or term
aucsh
650 #7 - SUBJECT ADDED ENTRY--TOPICAL TERM
Topical term or geographic name entry element
التوبة (تصوف إسلامي)
Source of heading or term
aucsh
650 #7 - SUBJECT ADDED ENTRY--TOPICAL TERM
Topical term or geographic name entry element
الأدعية والأوراد (تصوف إسلامي)
Source of heading or term
aucsh
942 ## - ADDED ENTRY ELEMENTS (KOHA)
Source of classification or shelving scheme
Dewey Decimal Classification
Koha item type
Books
Suppress in OPAC
No
949 ## - LOCAL PROCESSING INFORMATION (OCLC)
a
SA-JeALM
d
260201
u
osman123
n
1
Holdings
Withdrawn status
Lost status
Source of classification or shelving scheme
Damaged status
Not for loan
Home library
Current library
Date acquired
Total checkouts
Full call number
Barcode
Date last seen
Price effective from
Koha item type
Dewey Decimal Classification
DR AbdElwahab Library
DR AbdElwahab Library
02/01/2026
260 ع ب د ل
000022690
02/01/2026
02/01/2026
Books
Place hold
Print
Add to your cart
(remove)
Save record
BIBTEX
Dublin Core
MARCXML
MARC (non-Unicode/MARC-8)
MARC (Unicode/UTF-8)
MARC (Unicode/UTF-8, Standard)
MODS (XML)
RIS
ISBD
More searches
Search for this title in:
Other Libraries (WorldCat)
Other Databases (Google Scholar)
Online Stores (Bookfinder.com)
Open Library (openlibrary.org)
Exporting to Dublin Core...
×
Simple DC-RDF
OAI-DC
SRW-DC